000 01268cam a2200301 a 4500
001 12677157
005 20220326193324.0
008 020212s2000 at a bc 000 0 eng d
010 _a 2002327855
020 _a1875632719
040 _aANL
_beng
_cDLC
_dANL
_dDLC
042 _alccopycat
043 _au-at---
082 _a708
_bD 993m
100 1 _aDwyer, Mikala,
_d1959-
_92715
245 1 0 _aMikala Dwyer /
_cessays by Edward Colless and Linda Michael ; edited by Linda Michael.
260 _aSydney: Australia
_bMuseum of Contemporary Art,
_c2000.
300 _a79 p
_b ill (col)
_c21 x 26 cm.
500 _aCatalogue of an exhibition held at the Museum of Contemporary Art, Sydney, 6 Dec. 2000-28 Jan. 2001.
504 _aIncludes bibliographical references (p. 78-79).
600 1 0 _aDwyer, Mikala,
_d1959-
_vExhibitions.
_92716
650 0 _aInstallations (Art)
_zAustralia
_vExhibitions.
_xInstalaciones-Arte-Australia-Exhibiciones
_xArte moderno
_92717
700 1 _aColless, Edward.
_92718
700 1 _aMichael, Linda.
_92719
710 2 _aMuseum of Contemporary Art (Sydney, N.S.W.)
_92720
906 _a7
_bcbc
_ccopycat
_d3
_encip
_f20
_gy-gencatlg
999 _c607
_d607